| 000 | 00836nam a2200229 i 4500 | ||
|---|---|---|---|
| 001 | 9783 | ||
| 003 | ES-MaACL | ||
| 005 | 20230906145744.0 | ||
| 007 | t| | ||
| 008 | 940107s1993 ec ||||1| spa d | ||
| 020 | _a9978-82-307-1 | ||
| 080 | _a613.83 | ||
| 100 | 1 |
_aBarriga López, Franklin. _925981 |
|
| 245 | 1 | 0 |
_aDroga, problema mundial / _cFranklin Barriga López. |
| 250 | _a[1ª ed.]. | ||
| 260 |
_aQuito : _bMinisterio de Información y Turismo : _bInstituto Ecuatoriano de Estudios para las Relaciones Internacionales, _c1993. |
||
| 300 |
_a203 p. ; _c21 cm. |
||
| 650 | 1 | 4 |
_aDrogas. _911977 |
| 710 | 1 |
_aEcuador. _bMinisterio de Información y Turismo. _93420 |
|
| 710 | 2 |
_aInstituto Ecuatoriano de Estudios para las Relaciones Internacionales. _95027 |
|
| 852 |
_aES-MaACL _jL-17095 _bR.121669 _q. - Ded. autógr. del autor |
||
| 999 |
_c9783 _d9783 |
||